Muhammadanischen Und Christlichen Zeitrechnung (Record no. 3095)

MARC details
000 -LEADER
fixed length control field 00622nam a2200241 a 4500
020 ## - INTERNATIONAL STANDARD BOOK NUMBER
ISBN
082 00 - DEWEY DECIMAL CLASSIFICATION NUMBER
Classification number 529.3
Author Cutter WII
100 ## - MAIN ENTRY--AUTHOR NAME
Author name Wiistenfeld, Ferdinand
245 ## - TITLE STATEMENT
Title Muhammadanischen Und Christlichen Zeitrechnung
260 ## - PUBLICATION, DISTRIBUTION, ETC. (IMPRINT)
Place of publication Delhi
Name of publisher Intercultural Publications
Year of publication 1854
300 ## - PHYSICAL DESCRIPTION
Number of Pages 53, 13p.
500 ## - GENERAL NOTE
General note includes index and biblioraphy
505 2# - FORMATTED CONTENTS NOTE
Formatted contents note Index
650 ## - SUBJECT ADDED ENTRY--TOPICAL TERM
Topical Term Calendar-Conversion
942 ## - ADDED ENTRY ELEMENTS (KOHA)
Koha item type Books
700 1# -
-- Wiistenfeld, Ferdinand
Holdings
Collection code Home library Current library Date acquired Cost, normal purchase price Full call number Accession Number Koha item type
  Henry Martyn Institute Library Henry Martyn Institute Library 06/11/2007 100.00 529.3 WII 07957 Books
                   Copyright © 2026 | Henry Martyn Institute | Hyderabad | TS-500052 | INDIA | Implemented by hmi.edu.in
Hit-Count:

Powered by Koha